01529nam a22003977a 4500003000500000005001700005008004100022010000900063011000900072035000900081040000900090090001000099100005000109245009500159260004200254300001000296502006400306590003700370590004100407590004100448590004100489590004100530590004100571590004200612650002600654650002000680650003600700650002500736901000700761942000900768949004100777949004600818999001500864952012500879952012701004CHAP20220329133618.0971013s1993 r 00010 d a8547 a9519 a8754 cCHAP aTesis00aCastellanos Bolaños, Juan Francisco.919987 aProducción de biomasa y eficiencia de crecimiento en rodales coetáneos de Pinus patula aMontecillo, Méx. :bEl Autor,c1993 a75 h. aTesis (M.C.) -- Colegio de Postgraduados. Programa Forestal aALEPHb10c20130110lUCH01h1223 aBATCH-UPDb10c20130110lUCH01h0246 aBATCH-UPDb10c20130110lUCH01h1539 aBATCH-UPDb10c20130409lUCH01h2316 aBATCH-UPDb10c20130410lUCH01h1323 aBATCH-UPDb10c20130914lUCH01h0637 aCONVERSIONb10c20130109lUCH01h130614aÁrea foliar.98245014aBiomasa.91282514aPináceasxCrecimiento.98822514aPinus patula.988356 aBK cFOLL bBCcTESd-19082eTS1h25708i8754si bBCcTESd-19083eTS2fc.2h25709i8754si c8547d8547 00102local4053708TESISaBCbBCcPA_TESISd2019-12-31fTESISl0p-19083r2019-12-31 00:00:00tc.2w2019-12-31yTESIS 00102local4051708TESISaBCbBCcPA_TESISd2019-12-31fTESISl0oTesisp-19082r2019-12-31 00:00:00w2019-12-31yTESIS